000 00595nam a2200229Ia 4500
003 OSt
005 20221007073118.0
006 a|||||r|||| 00| 0
007 ta
008 221006b |||||||| |||| 00| 0 eng d
024 _a13,620
037 _cTextual
040 _aFLL
_cFLL
_beng
041 _2eng
_aeng
082 _aV73:23:N5, K7
100 _aBarber J.D. Au.
_9691927
245 0 _aLawmakers
260 _aLondon
_bYale university press London
_c1967
300 _a314p
_ccm.
942 _hV73:23:N5, K7
_cTEXL
_2CC
999 _c1147714
_d1147714